Darts Players By Nickname - Statistics

General Stats
  • This quiz has been taken 401 times
  • The average score is 16 of 25
Answer Stats
Nickname Answer % Correct
"Snakebite" Peter Wright
97%
"Iceman" Gerwyn Price
93%
"Barney" Raymond van Barneveld
90%
"Hollywood" Chris Dobey
87%
"Voltage" Rob Cross
86%
"Bullet" Stephen Bunting
84%
"Rapid" Ricky Evans
79%
"Superchin" Daryl Gurney
76%
"Heavy Metal" Ryan Searle
74%
"Woody" Luke Woodhouse
73%
"German Giant" Gabriel Clemens
72%
"Goldfinger" Andrew Gilding
71%
"Pikachu" Ricardo Pietreczko
71%
"Wizard" Simon Whitlock
71%
"Madhouse" Ritchie Edhouse
68%
"Special One" Jose de Sousa
57%
"Diamond" Ian White
52%
"Real Deal" Mike De Decker
51%
"Bronzed Adonis" Steve Beaton
48%
"Freeze" Danny Noppert
46%
"Hurricane" Kim Huybrechts
45%
"Machine Gun" Jermaine Wattimena
44%
"Gentle" Mensur Suljovic
44%
"Titan" Dirk van Duijvenbode
38%
"Flawless" Adam Gawlas
13%
No matching quizzes found
Score Distribution
Percent of People with Each Score
Percentile by Number Answered
Your Score History
You have not taken this quiz